000 00578nab a2200217 ab4500
005 20260319125836.0
008 991125d1991 mx fr p# 000 spa d
003
022 _a0188-6770
035 _aUPN01000061030
040 _aMX-MxUPN
_bspa
_cMX-MxUPN
_eaacr2
245 0 0 _aMagistralis
260 _aPuebla :
_bUniversidad Iberoamericana
_c1991
310 _aSemestral
510 _aBIBLAT, Clase, Iresie, Latindex
653 _aDivulgación científica
653 _aDifusión cultural
902 _bLorena Izquierdo/261125
905 _aRevista
942 _cREV-I
999 _c60706
_d60706